Queste̳s Comentadas de Direito Previdencir̀io

Detalles Bibliográficos
Autor principal: Fernandes de Godoy, Fabiana
Formato: eBook
Lenguaje:portugués
Publicado: San Pablo: JH Mizuno, 2018
Materias:
Acceso en línea:Acceso restringido

MARC

LEADER 00000nam a22000007a 4500
005 20190806231712.0
007 cr|||| ||||
008 190806s2018 br |||||s|||| 00||0 por d
020 |a 978-85-7789-406-2 
035 |a 23859 
040 |a vLex 
090 |c 9110  |d 9110 
100 1 |a Fernandes de Godoy, Fabiana 
245 1 0 |a Queste̳s Comentadas de Direito Previdencir̀io  |h [Recurso electrn̤ico] /  |c Fabiana Fernandes de Godoy 
256 |a Servicio en ln̕ea 
260 |a San Pablo:  |b JH Mizuno,  |c 2018 
300 |a 1 recurso electrn̤ico 
500 |a Apesar dos progns̤ticos feitos no final de 2016, o ano de 2017 foi repleto de concursos pb︢licos e o ano de 2018 j ̀iniciou com mais de 61 mil vagas em concursos abertos em todo o Brasil. A iminn̊cia de um novo concurso do INSS, somado o fato de o Direito Previdencir̀io nô constar da grade curricular obrigatr̤ia dos cursos jurd̕icos, justifica a elaboraȯ̂ desta obra, fruto de uma anl̀ise pormenorizada das provas de concursos realizados nos l︢timos dez anos. A autora nô tem a pretensô de esgotar editais no que diz respeito ao Direito Previdencir̀io, e sim, com base na Teoria de Pareto, auxiliar o concurseiro no estudo e compreensô da matřia. Obra imprescindv̕el para aqueles que desejam maximizar os estudos em Direito Previdencir̀io, traȧndo a estratǧia de compreender e fixar os assuntos mais cobrados em concursos para o nv̕el segundo grau e superior, com destaque para os cargos de Tčnicos, Analistas, Procuradores, Promotores, Defensores e Juz̕es. De forma clara e objetiva, a autora, com mais de 17 anos de experin̊cia na r̀ea, explica questô por questô de forma a facilitar o estudo do Direito Previdencir̀io, que representar ̀seu diferencial para a aprovaȯ̂. 
506 1 |a Disponible solo en los productos indicados  |d vLex Global  |d vLex Global (Academic Edition, excluding Law Schools)  |d vLex Global (U.S. Academic Edition, Law Schools)  |d vLex Global (U.S. Academic Edition, excluding Law Schools)  |d vLex Global (Academic Edition, Law Schools) 
650 0 4 |a Seguridad Social  |z Brasil 
740 0 |a vLex Libros (Servicio en ln̕ea) 
856 4 0 |u http://vlex.com/source/quest-es-comentadas-de-direito-previdenciario-23859  |z Acceso restringido 
942 |c BOOK 
999 0 |a Social Security